Pokémon - Les attaques de Mélofée - Statistiques

Statistiques générales
  • Ce quiz a été pris 14 fois
  • Le résultat moyen est 14 sur 22
Statistiques - réponses
Niveaux Types Noms des attaques % Correct
Départ Normal Berceuse
86%
Départ Fée Charme
86%
Départ Fée Doux Baiser
86%
Niveau 16 Eau Fontaine de Vie
86%
Niveau 20 Normal Métronome
86%
Niveau 44 Fée Pouvoir Lunaire
86%
Niveau 24 Fée Rayon Lune
86%
Départ Normal Rugissement
86%
Niveau 48 Psy Vœu Soin
86%
Départ Normal Boul'Armure
71%
Départ Normal Écras'Face
71%
Niveau 8 Normal Lilliput
71%
Niveau 36 Normal Par Ici
71%
Départ Fée Voix Enjôleuse
71%
Départ Normal Encore
57%
Niveau 40 Psy Force Cosmique
57%
Niveau 32 Acier Poing Météore
57%
Départ Normal Photocopie
43%
Niveau 12 Normal Après Vous
29%
Niveau 28 Psy Gravité
29%
Niveau 4 Psy Force Ajoutée
14%
Départ Normal Trempette
14%
Aucun quiz correspondant
Distribution des résultats
% des personnes avec chaque résultat
Percentile par nombre de réponses
Votre historique - résultats
Vous n’avez pas pris ce quiz